000 00505nam a22001697a 4500
005 20250131143726.0
008 250131b ||||| |||| 00| 0 eng d
040 _cAL
041 _aEnglish
082 _223
_a378.14
_bSTAA
100 _aST ALOYSIUS COLLEGE
_9196719
245 _aSt Aloysius College Mangalore: Annual Magazine 2008-2011
260 _aMangalore
_bSt Aloysius College
_c2008
650 _aCollege Magazine
_9196591
650 _a2008-2009,2009-2010,2010-2011
_9196592
942 _2ddc
_cDB
999 _c233709
_d233709